Statistics for Word Ladder - From Supply To Demand

Click here to take the quiz!

General Stats

  • This quiz has been taken 35 times
  • The average score is 8 of 16

Answer Stats

HintAnswer% Correct
Give what is neededSupply
100%
Insist on havingDemand
90%
FlexibleSupple
76%
To drink little and oftenSipple
66%
To mail a second timeResend
62%
To place in custodyRemand
59%
To fix againRemend
59%
To plant againReseed
55%
Said with speech defectLisped
38%
A favourite drinkTipple
34%
Slang word for kissedLipped
31%
A person who receives extra moneyTippee
28%
A protected buildingListed
24%
RelaxedRested
24%
Leant at an angleTipped
24%
Feared of something happeningLested
14%

Score Distribution

Percentile by Number Answered

Percent of People with Each Score

Your Score History

You have not taken this quiz